Statistics for Mystery Taylor Swift Song #42

Click here to take the quiz!

General Stats

  • This quiz has been taken 348 times
  • The average score is 78 of 120

Answer Stats

Song% Correct
love
98%
a
96%
I
96%
you
94%
you?
94%
Lover
93%
the
91%
me
90%
go
89%
it
89%
We
87%
for
86%
your
86%
this
85%
is
84%
to
84%
do
83%
In
83%
And
82%
we’re
81%
were
81%
when
81%
you're
81%
you’re
81%
false
79%
so
79%
it's
78%
like
78%
my
78%
that
77%
can
76%
god
76%
if
76%
I'm
76%
I’m
76%
think
75%
just
74%
with
73%
know
72%
all
71%
can't
71%
False God
71%
get
71%
They
71%
how
70%
I’d
70%
I'd
70%
But
69%
said
69%
by
68%
say
68%
still
68%
not
67%
talk
66%
us
66%
away
65%
Even
65%
babe
64%
could
64%
might
64%
there
64%
We’d
64%
We'd
64%
worship
64%
New
63%
die
62%
City
60%
crazy
60%
up
60%
York
60%
Remember
59%
lips
58%
hips
57%
about
56%
out
56%
favorite
55%
stupid
55%
times
55%
work
55%
blind
53%
Hell
53%
jump
53%
thing
53%
town
53%
good
52%
Religion's
52%
altar
51%
faith
51%
warned
51%
fight
50%
ocean
49%
road
49%
Staring
49%
touch
49%
window
49%
gets
48%
lost
48%
Village
48%
West
48%
ah
47%
Got
47%
heaven's
47%
hard
46%
leave
46%
led
46%
Make
46%
honey
45%
separating
45%
patch
43%
scare
41%
try
40%
begging
39%
Daring
39%
fly
39%
wine
39%
forgiveness
37%
confessions
36%

Score Distribution

Percentile by Number Answered

Percent of People with Each Score

Your Score History

You have not taken this quiz